000
00324nam a22001457a 4500
020
_a
0803904363
082
_a
322.5LIS
100
_a
LISSAK, MOSHE
245
_a
MILITARY ROLES IN MODERNIZATION
260
_a
LONDON
_b
SAGE
_c
1976
300
_a
255P.
_b
25CM.
500
_a
INCLUDES INDEX
650
_a
MILITARY
942
_c
BK
999
_c
15704
_d
15704